| 000 | 00857nam0a22002531 4500 | ||
|---|---|---|---|
| 001 | rc\302284 | ||
| 005 | 20250621030032.0 | ||
| 010 |
_a5-376-00057-5 _9540 |
||
| 035 | _a(NLR Aleph) 005538097 | ||
| 090 |
_a5680974 _c5680974 |
||
| 100 | _a20030307d1989 |||y0rusy50 ca | ||
| 101 | 0 | _arus | |
| 102 | _aRU | ||
| 105 | _aa ||||||||| | ||
| 200 | 1 |
_aГеохимия агроландшафтов Молдавии _fПод ред. А.И. Перельмана _gАН МССР, Ин-т геофизики и геологии |
|
| 210 |
_aКишинев _cШтиинца _d1989 |
||
| 215 |
_a76, [2] с. _cил. _d22 |
||
| 320 | _aБиблиогр.: с. 75-77 (33 назв.) | ||
| 700 | 1 |
_aМырлян _bН.Ф. _gНиколай Филимонович |
|
| 801 | 0 |
_aRU _bNLR _gpsbo |
|
| 801 | 1 |
_aRU _bELAR _2rusmarc |
|
| 852 |
_aNLR _j89-6/3289 |
||
| 942 | _cBOOK | ||
| 980 | _aNB | ||